000 00464nam a2200157 i 4500
001 66091
003 ES-MaACL
005 20230906165537.0
007 t|
008 040127s1972 sp ||||1| spa d
100 1 _aGabri, Carlos.
_953147
245 1 0 _aRealización y entretenimiento de las instalaciones de calefacción /
_cCarlo Gabri.
260 _aBarcelona :
_bDe Vecchi,
_c1972.
300 _a291 p. :
_bil. ;
_c19 cm.
852 _aES-MaACL
_jC-50712
_bR.82523
999 _c66091
_d66091